000 nam a22 a 4500
999 _c1843
_d1843
003 AKMAL
005 20170512102440.0
008 170512s1978 my 00 eng d
020 _a0195804066
_a0195804058
040 _aAKMAL
_cAKMAL
082 0 4 _a342.5 TUN
090 0 0 _a342.5
_bTUN
245 0 4 _aThe constitution of Malaysia :
_bits development, 1957-1977 /
_ced. by Tun Mohamed Suffian, H. P. Lee, F. A. Trindade
260 _aKuala Lumpur :
_bOxford University Press,
_c1978
300 0 0 _a425p. ;
_c26cm
504 _aIncludes bibliographical references and index
651 0 _aMalaysia
_xConstitutional history
_93825
700 0 _aMuhammad Suffian bin Hashim,
_cTun,
_d1917-
_93826
700 1 _aLee, H. P.
_93827
700 1 _aTrindade, F. A.
_93828
942 _2ddc
_cBOOK